<?xml version="1.0" encoding="UTF-8"?><?xml-stylesheet type="text/xsl" href="static/style.xsl"?><OAI-PMH xmlns="http://www.openarchives.org/OAI/2.0/" xmlns:xsi="http://www.w3.org/2001/XMLSchema-instance" xsi:schemaLocation="http://www.openarchives.org/OAI/2.0/ http://www.openarchives.org/OAI/2.0/OAI-PMH.xsd"><responseDate>2026-06-01T23:50:20Z</responseDate><request verb="GetRecord" identifier="oai:riuma.uma.es:10630/29536" metadataPrefix="marc">https://riuma.uma.es/rest/oai/request</request><GetRecord><record><header><identifier>oai:riuma.uma.es:10630/29536</identifier><datestamp>2026-02-03T11:13:58Z</datestamp><setSpec>com_10630_2254</setSpec><setSpec>col_10630_37953</setSpec></header><metadata><record xmlns="http://www.loc.gov/MARC21/slim" xmlns:dcterms="http://purl.org/dc/terms/" xmlns:doc="http://www.lyncode.com/xoai" xmlns:xsi="http://www.w3.org/2001/XMLSchema-instance" xsi:schemaLocation="http://www.loc.gov/MARC21/slim http://www.loc.gov/standards/marcxml/schema/MARC21slim.xsd">
   <leader>00925njm 22002777a 4500</leader>
   <datafield ind2=" " ind1=" " tag="042">
      <subfield code="a">dc</subfield>
   </datafield>
   <datafield ind2=" " ind1=" " tag="720">
      <subfield code="a">Ortego-Rico, Pablo</subfield>
      <subfield code="e">author</subfield>
   </datafield>
   <datafield ind2=" " ind1=" " tag="260">
      <subfield code="c">2017</subfield>
   </datafield>
   <datafield ind2=" " ind1=" " tag="520">
      <subfield code="a">Estudio de las relaciones entre cristianos y mudéjares en Castilla entre los siglos XIII y XV centrado en la regulación de los matrimonios inter-confesionales y del contacto sexual entre individuos que profesaban distintas religiones, y en las posibilidades que la conversión abría de cara a la supresión de los obstáculos que limitaban las relaciones analizadas.</subfield>
   </datafield>
   <datafield ind1="8" ind2=" " tag="024">
      <subfield code="a">Ortego Rico P. (2017). La “ley” infringida: matrimonio, sexo y conversión entre cristianos y mudéjares en Castilla a fines de la Edad Media. En la España Medieval, 40, 111-145. https://doi.org/10.5209/ELEM.56086</subfield>
   </datafield>
   <datafield ind1="8" ind2=" " tag="024">
      <subfield code="a">https://hdl.handle.net/10630/29536</subfield>
   </datafield>
   <datafield ind1="8" ind2=" " tag="024">
      <subfield code="a">10.5209/ELEM.56086</subfield>
   </datafield>
   <datafield tag="653" ind2=" " ind1=" ">
      <subfield code="a">Mudéjares - España - S. XV</subfield>
   </datafield>
   <datafield ind2="0" ind1="0" tag="245">
      <subfield code="a">La «ley» infringida: matrimonio, sexo y conversión entre cristianos y mudéjares en Castilla a fines de la Edad Media</subfield>
   </datafield>
</record>
</metadata></record></GetRecord></OAI-PMH>